000 00750cab a2200217 4500
001 ABS43409
008 090401t1990 xxu||||| |||| 00| 0 eng d
035 _a(Sirsi) u41588
041 _aeng
100 _aAdams, J. E.
245 _aOptions and section 2: some cause for concern
260 _c1990
350 _a0
490 _aLaw Society`s Gazette
_v87(33) 19 September 1990, 19-20(2)
520 _aQuestions the conclusion of a previous article (Abstract 43264) that there is no problem over the exercise of pre-Act options as a result of the Law of Property (Miscellaneous Provisions) Act 1989 s2 .
650 _aContracts
_96232
650 _aSALE OF LAND
690 _aPROPERTY LAW AND PRACTICE
942 _n0
948 _c04/03/1997
999 _c26697
_d26697